000 00542nam a2200181Ia 4500
005 20250508160229.0
008 008 250505s9999 xx 000 0 hin d
037 _aTextual
040 _aFEDL
_beng
_cFEDL
041 _ahin
_2hin
084 _a507, NCE
_qFEDL
245 0 _aVigiyan aao karke sikhe: Kaksha teen ke liye pathyapustak
245 0 _cNCERT
260 _aNew Delhi, India
_bNational Council of Educational Research and Training
_c1970
300 _a79p.
942 _cTEXL
_h507, NCE
999 _c1362851
_d1362851